000 00513nam a22001937a 4500
008 131111b xxu||||| |||| 00| 0 alb d
020 _a9994391186
041 0 _aalb
080 _a336
_x(075.8)
100 1 _aXhafa, Halit
245 _aDrejtimi financiar 1 /
250 _aBotimi i 3të
260 _aTiranë :
_balbPAPER ;
_c2006.
300 _a641 f. :
_bme il. ;
_c24 cm.
500 _aParathënie : f. [III] - [VI]
650 _aFinanca
_vTekste universitare
700 1 _aCiceri, Beshir
942 _2udc
_cBK
999 _c262
_d262